Government procurement policy practices: contribution for development of small scale enterprises (Record no. 492070)

000 -LEADER
fixed length control field 00594cam a22001457a 4500
008 - FIXED-LENGTH DATA ELEMENTS--GENERAL INFORMATION
fixed length control field 180718b2002 xxu||||| |||| 00| 0 eng d
082 ## - DEWEY DECIMAL CLASSIFICATION NUMBER
Classification number APPPA 2001-2002 CHO/15
100 ## - MAIN ENTRY--PERSONAL NAME
Personal name Choudhary, K.
245 ## - TITLE STATEMENT
Title Government procurement policy practices: contribution for development of small scale enterprises
Statement of responsibility, etc. by K. Choudhary
260 ## - PUBLICATION, DISTRIBUTION, ETC.
Place of publication, distribution, etc. New Delhi
Name of publisher, distributor, etc. Indian Institute of Public Administration
Date of publication, distribution, etc. 2002
300 ## - PHYSICAL DESCRIPTION
Extent 130p.
500 ## - GENERAL NOTE
General note An APPPA M. Phil. dissertation, 2001-02 (Guide: K.N. Kabra and N.C. Ganguli)
650 ## - SUBJECT ADDED ENTRY--TOPICAL TERM
Topical term or geographic name entry element APPPA
650 ## - SUBJECT ADDED ENTRY--TOPICAL TERM
Topical term or geographic name entry element Small business - Government policy - Developing countries
Holdings
Withdrawn status Lost status Damaged status Not for loan Permanent Location Current Location Date acquired Full call number Barcode Date last seen Price effective from Koha item type
        Indian Institute of Public Administration Indian Institute of Public Administration 2018-08-04 APPPA 2001-2002 CHO/15 GR15949 2018-08-04 2018-08-04 GR

Powered by Koha